000 00453cam a22001337a 4500
008 180718b2009 xxu||||| |||| 00| 0 eng d
082 _aAPPPA 2008-09/SIN
100 _aSingh, Shiv Dan
245 _aWorking of reservation rosters in railway services
_cby Shiv Dan Singh
260 _aNew Delhi
_bIndian Institute of Public Administration
_c2009
300 _a150p.
650 _aScheduled castes and scheduled tribes - India
650 _aRailways - India
999 _c495182
_d495182